Statistics for Top 10 most populated in the world

Click here to take the quiz!

General Stats

  • This quiz has been taken 19 times
  • The average score is 9 of 10

Answer Stats

HintAnswer% Correct
asiachina
100%
europerussia
100%
asiaindia
94%
north americamexico
94%
north americausa
94%
south americabrazil
89%
asiaindonesia
78%
africanigeria
78%
asiapakistan
78%
asiabangladesh
72%

Score Distribution

Percentile by Number Answered

Percent of People with Each Score

Your Score History

You have not taken this quiz